|
|
|
|
| LEADER |
02857nam a2200709 i 4500 |
| 001 |
nkc20233549938 |
| 003 |
CZ PrNK |
| 005 |
20240125102931.0 |
| 007 |
ta |
| 008 |
230927s2023 xr ac e 000 0acze |
| 015 |
|
|
|a cnb003549938
|
| 020 |
|
|
|a 978-80-908039-8-5
|q (vázáno)
|
| 035 |
|
|
|a (OCoLC)1420607698
|
| 040 |
|
|
|a BOA001
|b cze
|d ABA001
|e rda
|
| 041 |
1 |
|
|a cze
|a ger
|h cze
|
| 043 |
|
|
|a e-xr---
|b e-xr-cc
|a e-pl---
|2 czenas
|
| 045 |
|
|
|a x-y-
|
| 072 |
|
7 |
|a 913(4)
|x Geografie Evropy, reálie, cestování
|2 Konspekt
|9 7
|
| 072 |
|
7 |
|a 929
|x Biografie
|2 Konspekt
|9 8
|
| 080 |
|
|
|a 77-051
|2 MRF
|
| 080 |
|
|
|a [002.1+086]:77
|2 MRF
|
| 080 |
|
|
|a 929
|2 MRF
|
| 080 |
|
|
|a 913(437.31-17)
|2 MRF
|
| 080 |
|
|
|a 913(438)
|2 MRF
|
| 080 |
|
|
|a (437.31-17)
|2 MRF
|
| 080 |
|
|
|a (438)
|2 MRF
|
| 080 |
|
|
|a (0:82-94)
|2 MRF
|
| 080 |
|
|
|a (084.12)
|2 MRF
|
| 100 |
1 |
|
|a Weiss, Siegfried,
|d 1933-2022
|7 jn19990009026
|4 aut
|4 pht
|4 trl
|
| 245 |
1 |
0 |
|a Vzpomínky na Jizerské ticho =
|b Erinnerungen an das stille Isergebirge /
|c Siegfried Weiss ; překlad: Siegfried Weiss, Monika Vlasatá, Sven Dietrich
|
| 246 |
3 |
1 |
|a Erinnerungen an das stille Isergebirge
|
| 264 |
|
1 |
|a [Jablonec nad Nisou] :
|b Dům česko-německého porozumění,
|c 2023
|
| 300 |
|
|
|a 191 stran :
|b ilustrace (převážně barevné), portréty ;
|c 22 x 23 cm
|
| 336 |
|
|
|a text
|b txt
|2 rdacontent
|
| 336 |
|
|
|a statický obraz
|b sti
|2 rdacontent
|
| 337 |
|
|
|a bez média
|b n
|2 rdamedia
|
| 338 |
|
|
|a svazek
|b nc
|2 rdacarrier
|
| 504 |
|
|
|a Obsahuje bibliografii
|
| 546 |
|
|
|a Souběžný německý text
|
| 600 |
1 |
7 |
|a Weiss, Siegfried,
|d 1933-2022
|7 jn19990009026
|2 czenas
|
| 600 |
1 |
7 |
|a Václavek, Lubomír.
|t Jizerské ticho
|7 aun20231210240
|2 czenas
|
| 648 |
|
7 |
|a 20.-21. století
|7 ch462155
|2 czenas
|
| 648 |
|
4 |
|a 1978
|
| 648 |
|
7 |
|a 20. století
|7 ch460558
|2 czenas
|
| 650 |
0 |
7 |
|a fotografové
|7 ph120335
|z Česko
|y 20.-21. století
|2 czenas
|
| 650 |
0 |
7 |
|a fotografické publikace
|7 ph1028645
|z Česko
|y 20. století
|2 czenas
|
| 650 |
0 |
9 |
|a photographers
|z Czechia
|y 20th-21st centuries
|2 eczenas
|
| 650 |
0 |
9 |
|a photography publications
|z Czechia
|y 20th century
|2 eczenas
|
| 651 |
|
7 |
|a Jizerské hory (Česko a Polsko)
|7 ge134250
|x reálie
|2 czenas
|
| 651 |
|
9 |
|a Jizerské hory Mountains (Czechia and Poland)
|x description and travel
|2 eczenas
|
| 655 |
|
7 |
|a autobiografické vzpomínky
|7 fd131854
|2 czenas
|
| 655 |
|
7 |
|a fotografické publikace
|7 fd132276
|2 czenas
|
| 655 |
|
9 |
|a autobiographical reminiscences
|2 eczenas
|
| 655 |
|
9 |
|a photographical works
|2 eczenas
|
| 700 |
1 |
|
|a Vlasatá, Monika
|4 trl
|
| 700 |
1 |
|
|a Dietrich, Sven,
|d 1969-
|7 xx0276718
|4 trl
|
| 910 |
2 |
|
|a BOA001
|b 2-1518.074
|
| 928 |
9 |
|
|a Haus der deutsch-tschechischen Verständigung
|
| 990 |
|
|
|a BK
|
| 995 |
|
|
|a 01
|
| 991 |
|
|
|b 202312
|c NOV
|
| 996 |
6 |
|
|b 2610955524
|c 2-1518.074
|l MZK
|r Sklad / do 1 hodiny
|n 0
|p p.v.
|w 001946274
|u 000010
|a 1
|e BOA001
|j MZK50
|s P
|